000 00441nam a2200181Ia 4500
001 13562
005 20260306164810.0
008 260306t2017||||xx |||||||||||||| ||spa||
041 _aESP
082 _a004.67
_bK96 2017
100 _aKurose, James F.
_eAUT
245 0 _aComputer networking:
_ba top-down approach
260 _c2017
300 _a852 páginas :
_c23 cm.
650 _aGEN
654 _aCCC
942 _cLIB
_dJUS
_fJUS
_2ddc
_n
999 _c13562
_d13562